| 000 | 00466nam a22001577a 4500 | ||
|---|---|---|---|
| 005 | 20240827130919.0 | ||
| 008 | 240827b |||||||| |||| 00| 0 eng d | ||
| 041 | _aEnglish | ||
| 082 | _a349 LAW | ||
| 100 | _lEnglish | ||
| 245 | _aJohannes Voet Commentary on the Pandects: Books 44 & 45 | ||
| 260 |
_aCape Town: _bJuta and Company Ltd, _c1920 |
||
| 300 |
_b226 pages; _c25 cm. |
||
| 650 |
_aLegal practice _bLaw |
||
| 942 |
_cBK _6ALISON_BN_VRIES |
||
| 999 |
_c2863 _d2863 |
||